banner-ar

PHORMACOLOGY : 700 QUESTION AND ANSWERS / (Record no. 10863)

MARC details
000 -الفاتح
حقل البيانات ثابتة الطول 00434nam a2200169Ia 4500
008 - عناصر البيانات ثابتة الطول - معلومات عامة
حقل البيانات ثابتة الطول 140319s9999 xx 000 0 eng d
040 ## - مصدر الفهرسة
وكالة الفهرسة الأصلية GCL /
وكالة النسخ GCL
082 04 - رقم تصنيف ديوى العشرى
رقم التصنيف 615
رقم المادة K P
100 1# - المدخل الرئيسى - إسم شخصى
الإسم الشخصى JOSEPH
245 10 - بيان العنوان
العنوان PHORMACOLOGY : 700 QUESTION AND ANSWERS /
بيان المسئوليه,etc JOSEPH
700 1# - المدخل الاضافى - اسم شخصى
الإسم الشخصى KRZONOWSKI, J.
260 ## - PUBLICATION, DISTRIBUTION, ETC. (IMPRINT)
تاريخ النشر أو التوزيع 1996
300 ## - الوصف المادى
التعداد 267
650 04 - المدخل الاضافى بالموضوع-مصطلح موضوعى
مصطلح موضوعي PHARMACOLOGY
942 ## - عناصر المدخل الإضافي( كوها)
مصدر التصنيف او مخطط الترفيف Dewey Decimal Classification
Koha [default] item type كتاب
260 ## - PUBLICATION, DISTRIBUTION, ETC. (IMPRINT)
-- [S.N] :
-- MEPC - APPLETOND AND LONGE ،
Holdings
حالة التراجع حالة الفقد حالة تلف ليس للاعارة المكان المؤقت الموقع الحالى تاريخ الاكتساب اجمالي اﻻعارات رقم الطلب الباركود تاريخ اخر مشاهدة تاريخ تفعيل السعر نوع وعاء كوها
        مكتبة القاهرة الكبرى مكتبة القاهرة الكبرى 03/26/2014   615\K P 21781 03/26/2014 03/26/2014 كتاب

Powered By

EGPV